College Quizbowl Stats
College Quizbowl Stats
Circuits
Seasons
Sets
Records
Detailed Stats
About
Loading...
2024 ACF Fall at Rutgers
Tossups
Bonuses
Players
Teams
Categories (Tossup)
Categories (Bonus)
Emily Farley
Lehigh B
Categories
Category
Powers
Gets
Negs
BBs
Points
Earliest Buzz
Avg. Buzz
First Buzzes
Top 3 Buzzes
BPA
PVF
Science - Biology
0
1
0
1
10
97
97.00
0
0
0.00
0.00
Science - Physics
0
1
0
1
10
84
84.00
0
0
0.00
0.00
Social Science
0
1
0
0
10
54
54.00
0
1
0.00
0.00
Science - Other
0
0
0
0
0
0.00
0
0
0.00
0.00
Buzzes
Category
Answer
Value
Buzz Position
Social Science
mothers
10
54
Science - Physics
temperature
10
84
Science - Other
recursion
0
95
Science - Biology
ribosomes
10
97
Previous
1
Next